1999: año difícil para la economía y el sector financiero / (Registro nro. 11985)
[ vista simple ]
| 000 -LEADER | |
|---|---|
| fixed length control field | 01350nam a2200253Ia 4500 |
| 003 - CONTROL NUMBER IDENTIFIER | |
| control field | OSt |
| 005 - DATE AND TIME OF LATEST TRANSACTION | |
| control field | 20210721114628.0 |
| 008 - FIXED-LENGTH DATA ELEMENTS--GENERAL INFORMATION | |
| fixed length control field | 210310s2000 ck ado gr 000 0 spa d |
| 020 ## - INTERNATIONAL STANDARD BOOK NUMBER | |
| International Standard Book Number | 9589040616 |
| 040 ## - CATALOGING SOURCE | |
| Original cataloging agency | CO-JMCR |
| Transcribing agency | CO-JMCR |
| 041 ## - LANGUAGE CODE | |
| Language code of text/sound track or separate title | spa |
| 082 04 - DEWEY DECIMAL CLASSIFICATION NUMBER | |
| Classification number | 332.109861 / |
| Item number | C766a |
| Edition number | 23 |
| 110 2# - MAIN ENTRY--CORPORATE NAME | |
| Corporate name or jurisdiction name as entry element | Asociación Bancaria y de Entidades Financieras de Colombia. |
| 9 (RLIN) | 36990 |
| 245 10 - TITLE STATEMENT | |
| Title | 1999: año difícil para la economía y el sector financiero / |
| Statement of responsibility, etc. | Asociación Bancaria y de Entidades Financieras de Colombia. |
| 260 ## - PUBLICATION, DISTRIBUTION, ETC. | |
| Place of publication, distribution, etc. | Cartagena, Colombia : |
| Name of publisher, distributor, etc. | Asobancaria, |
| Date of publication, distribution, etc. | 2000. |
| 300 ## - PHYSICAL DESCRIPTION | |
| Extent | 310 páginas : |
| Other physical details | ilustraciones, gráficas y fotografías a color ; |
| Dimensions | 24 cm. |
| 440 ## - SERIES STATEMENT/ADDED ENTRY--TITLE | |
| Title | #N/A |
| 9 (RLIN) | 26975 |
| 490 ## - SERIES STATEMENT | |
| Series statement | Banca ; |
| Volume/sequential designation | 99. |
| 505 ## - FORMATTED CONTENTS NOTE | |
| Formatted contents note | Nuevos caminos parra dinamizar el sistema productivo de la economía. -- Microcrédito y desarrollo social. Panorama internacional y examen de casos exitosos. -- Intervención de la superintendente bancaria. -- Prevención y solución de la crisis financiera. -- Causas de la recesión y estrategia de reactivación. -- Una nueva banca hipotecaria. -- ¿Avanza Colombia hacia la paz?. |
| 650 14 - SUBJECT ADDED ENTRY--TOPICAL TERM | |
| Topical term or geographic name entry element | Sistema financiero |
| Form subdivision | Congresos, conferencias, |
| Geographic subdivision | Colombia |
| 9 (RLIN) | 26976 |
| 650 24 - SUBJECT ADDED ENTRY--TOPICAL TERM | |
| Topical term or geographic name entry element | Política económica |
| Form subdivision | Congresos, conferencias |
| Geographic subdivision | Colombia |
| 9 (RLIN) | 38596 |
| 650 24 - SUBJECT ADDED ENTRY--TOPICAL TERM | |
| Topical term or geographic name entry element | Condiciones económicas |
| Geographic subdivision | Colombia |
| 9 (RLIN) | 6839 |
| 942 ## - ADDED ENTRY ELEMENTS (KOHA) | |
| Source of classification or shelving scheme | Dewey Decimal Classification |
| Koha item type | Books |
| Withdrawn status | Lost status | Source of classification or shelving scheme | Damaged status | Not for loan | Home library | Current library | Shelving location | Date acquired | Source of acquisition | Full call number | Barcode | Date last seen | Copy number | Price effective from | Koha item type |
|---|---|---|---|---|---|---|---|---|---|---|---|---|---|---|---|
| Dewey Decimal Classification | Biblioteca Pública José María del Castillo y Rada | Biblioteca Pública José María del Castillo y Rada | General Stacks | 04/15/2018 | Donación | 332.109861 / C766a | 430002293 | 05/16/2024 | Ej.1 | 03/10/2021 | Books |